Strategy formation in different organizational cultures
Determinácia podnikovej kultúry a jej rozdelenie na kultúru moci, rolí, úloh a osobnosti podľa Handyho. Výskum budovania a skladby podnikovej stratégie v závislosti od týchto druhov a ďalších externých vplyvov.
Saved in:
| Main Author: | |
|---|---|
| Format: | Book Chapter |
| Language: | English |
| Subjects: | |
| Tags: |
No Tags, Be the first to tag this record!
|
MARC
| LEADER | 00000naa$a2200000$$$4500 | ||
|---|---|---|---|
| 001 | 0053624 | ||
| 005 | 20240502071624.9 | ||
| 041 | 0 | |a eng | |
| 044 | |a SK | ||
| 245 | 1 | 0 | |a Strategy formation in different organizational cultures |c Aneta Bobenič Hintošová |
| 520 | |a Determinácia podnikovej kultúry a jej rozdelenie na kultúru moci, rolí, úloh a osobnosti podľa Handyho. Výskum budovania a skladby podnikovej stratégie v závislosti od týchto druhov a ďalších externých vplyvov. | ||
| 610 | 2 | 0 | |a stratégia podniková |
| 610 | 2 | 0 | |a kultúra podniková |
| 610 | 2 | 0 | |a manažment |
| 610 | 2 | 0 | |a rozhodovanie podnikové |
| 610 | 2 | 0 | |a rozhodovanie strategické |
| 610 | 2 | 0 | |a marketing strategický |
| 610 | 2 | 0 | |a formy riadenia |
| 610 | 2 | 0 | |a riadenie podnikové |
| 610 | 2 | 0 | |a manažéri |
| 610 | 2 | 0 | |a výskum |
| 100 | 1 | |a Bobenič Hintošová, Aneta, 1979- | |